Блоковая тектоника кристаллического фундамента Днепровско-Донецкого авлакогена (в связи с нефтегазоносностью)

Bibliografski detalji
Autor kompanije: Академия наук Украинской ССР (АН УССР) Институт геологических наук (ИГН)
Daljnji autori: Чебаненко И. И. (составитель), Гавриленко Н. М., Клочко В. П.
Jezik:ruski
Izdano: Киев, Наукова думка, 1991
Teme:
Format: MixedMaterials Knjiga
KOHA link:https://koha.lib.tpu.ru/cgi-bin/koha/opac-detail.pl?biblionumber=158036

MARC

LEADER 00000nam0a2200000 4500
001 158036
005 20231031154203.0
010 |a 5120019048 
020 |a RU  |b 92-3209 
035 |a (RuTPU)RU\TPU\book\171415 
090 |a 158036 
100 |a 20090416d1991 k a0rusy5003 ca 
101 0 |a rus 
102 |a UA 
105 |a a z 001zy 
200 1 |a Блоковая тектоника кристаллического фундамента Днепровско-Донецкого авлакогена (в связи с нефтегазоносностью)  |f Академия наук Украинской ССР (АН УССР), Институт геологических наук (ИГН) ; сост. И. И. Чебаненко, Н. М. Гавриленко, В. П. Клочко 
210 |a Киев  |c Наукова думка  |d 1991 
215 |a 153,[1] с., [2] л. ил.  |c ил.  |d 27 см 
320 |a Библиогр.: с. 146-152. (181 назв.) 
610 1 |a тектоника 
610 1 |a горные породы кристаллические 
610 1 |a Днепровско-Донецкая впадина 
610 1 |a нефтегазоностность 
610 1 |a геологические структуры 
675 |a 553.98.041:551.24  |z rus 
702 1 |a Чебаненко  |b И. И.  |4 220 
702 1 |a Гавриленко  |b Н. М.  |4 220 
702 1 |a Клочко  |b В. П.  |4 220 
712 0 2 |a Академия наук Украинской ССР (АН УССР)  |b Институт геологических наук (ИГН)  |2 stltpush  |3 (RuTPU)RU\TPU\col\12890 
801 0 |a RU  |b RuMRKP  |c 19960705  |g psbo 
801 1 |a RU  |b 63413507  |c 20090416  |g PSBO 
801 2 |a RU  |b 63413507  |c 20090625  |g PSBO 
942 |c BK